| 000 | 01058nas a2200337 4500 | ||
|---|---|---|---|
| 001 | BR2018002629 | ||
| 003 | BR-BrBNA | ||
| 005 | 20231205131512.0 | ||
| 007 | ta | ||
| 008 | 230509b bl.|||p| |||| 00| 00por d | ||
| 040 |
_aBR-BrBNA _bpor _cBiblioteca Nacional de Agricultura |
||
| 041 | _a(En) | ||
| 072 | _aF30; H20 | ||
| 100 | 1 | _aAguiar, L.H.M. | |
| 100 | 1 | _aSousa, L.B. de | |
| 100 | 1 | _aCoelho, L. | |
| 100 | 1 | _aLemes, E.M. | |
| 100 | 1 | _aCastro, L.H.S. e | |
| 100 | 1 | _aCardoso, D.B.O. | |
| 245 | 1 | _aResistance of cotton genotypes to Sclerotinia sclerotiorum by the straw and oxalic acid tests | |
| 650 | _aALGODÃO | ||
| 650 | _aDOENÇA DE PLANTA | ||
| 650 | _aMOFO BRANCO | ||
| 650 | _aFUNGO | ||
| 650 | _aGENÓTIPO | ||
| 650 | _aRESISTÊNCIA GENÉTICA | ||
| 773 | 0 |
_tPesquisa Agropecuária Brasileira (Brazil) _xISSN 1678-3921 _g(Nov 2018), v. 53(11) p. 1281-1284 _wBR2018002629 |
|
| 856 | 4 | 0 | _uhttp://www.scielo.br/pdf/pab/v53n11/1678-3921-pab-53-11-1281.pdf |
| 909 |
_a202311 _bLúcia _c55 _dLúcia Elande |
||
| 942 |
_2AGRIS _n0 _cANA |
||
| 999 |
_c255154 _d255154 |
||